Normal view
MARC view
- التنمية المستدامة
Entry Topical Term
001 - CONTROL NUMBER
- control field: 56739
003 - CONTROL NUMBER IDENTIFIER
- control field: JO-AjAnu
005 - DATE AND TIME OF LATEST TRANSACTION
- control field: 20230606083309.0
008 - FIXED-LENGTH DATA ELEMENTS
- fixed length control field: 230606|| aca||aabn | a|a d
040 ## - CATALOGING SOURCE
- Original cataloging agency: JO-AjAnu
- Transcribing agency: JO-AjAnu
150 ## - HEADING--TOPICAL TERM
- Topical term or geographic name entry element: التنمية المستدامة
670 ## - SOURCE DATA FOUND
- Source citation: Work cat.: (JO-AjAnu)28953: مركز الرتوة للدراسات والاستشارات, author 56738, وقائع ندوة الحوار الفكري حول التنمية المستدامة 2015- 2030 ( اجندة دولية ام ضرورة وطنية)